[Event "41st Guernsey Intl. -  Holiday  2015"]
[Site "Guernsey, GCI"]
[Date "2015.10.22"]
[Round "5"]
[White "Hamann, Marcus"]
[Black "Newell, David F"]
[Result "0-1"]
[WhiteElo "1872"]
[BlackElo "1867"]
[PlyCount "66"]
[EventDate "2015.10.18"]
[EventType "swiss"]
[EventRounds "7"]

1. e4 c5 2. Nf3 Nc6 3. d4 cxd4 4. Nxd4 g6 5. Nc3 Bg7 6. Be3 Nf6 7. f3 O-O 8.
Qd2 d5 9. Nxc6 bxc6 10. e5 Nd7 11. f4 e6 12. Na4 Nxe5 13. fxe5 Qh4+ 14. Qf2
Qxa4 15. Bc5 Re8 16. Bd6 Bf8 17. Bxf8 Rxf8 18. Bd3 Rb8 19. c3 Qa5 20. O-O Qb6
21. Qxb6 Rxb6 22. Rf2 Ba6 23. Bxa6 Rxa6 24. b3 Rb8 25. Rc1 c5 26. h3 Rc6 27.
Rb2 a5 28. c4 d4 29. Kf2 Rcb6 30. Ke2 Kf8 31. Kd3 Ke7 32. Kc2 a4 33. Rcb1 a3
0-1

[Event "41st Guernsey Intl. -  Holiday  2015"]
[Site "Guernsey, GCI"]
[Date "2015.10.22"]
[Round "5"]
[White "Kirk, Matthew"]
[Black "Hermes, Geoff R"]
[Result "1/2-1/2"]
[WhiteElo "1749"]
[BlackElo "1884"]
[PlyCount "34"]
[EventDate "2015.10.18"]
[EventType "swiss"]
[EventRounds "7"]

1. d4 d6 2. c4 e5 3. Nf3 e4 4. Ng5 f5 5. Nh3 Nf6 6. Bg5 Be7 7. Nc3 O-O 8. e3
Be6 9. Nf4 Bf7 10. Be2 Nbd7 11. b4 c6 12. O-O d5 13. c5 h6 14. Bxf6 Nxf6 15.
Bh5 Nxh5 16. Nxh5 Qe8 17. Ng3 Be6 1/2-1/2

[Event "41st Guernsey Intl. -  Holiday  2015"]
[Site "Guernsey, GCI"]
[Date "2015.10.22"]
[Round "5"]
[White "Hoogakker, Peter"]
[Black "Karcher, Berthold"]
[Result "1-0"]
[WhiteElo "1755"]
[BlackElo "1871"]
[PlyCount "91"]
[EventDate "2015.10.18"]
[EventType "swiss"]
[EventRounds "7"]

1. e4 c5 2. Nf3 d6 3. c3 Nf6 4. Be2 Nc6 5. d4 cxd4 6. cxd4 g6 7. O-O Bg7 8. Nc3
O-O 9. h3 a6 10. Be3 e6 11. Rc1 Bd7 12. e5 Ne8 13. Ne4 dxe5 14. dxe5 Nxe5 15.
Nxe5 Bxe5 16. Bc5 Bxb2 17. Rb1 Bc6 18. Bxf8 Kxf8 19. Rxb2 Bxe4 20. Rd2 Bd5 21.
Bf3 Nf6 22. Bxd5 Nxd5 23. Qb3 b5 24. Rc1 Rc8 25. Qb2 Rxc1+ 26. Qxc1 h5 27. Qa3+
b4 28. Qxa6 Qc7 29. Qa4 Qc1+ 30. Qd1 Qxd1+ 31. Rxd1 Ke7 32. Kf1 Kf6 33. Ke1 Kf5
34. Rd3 f6 35. Kd2 g5 36. Rd4 Ke5 37. Kd3 f5 38. Rc4 h4 39. Kc2 Kd6 40. Kb3 e5
41. Rxb4 Nxb4 42. Kxb4 e4 43. Kc4 f4 44. Kd4 e3 45. fxe3 g4 46. exf4 1-0

[Event "41st Guernsey Intl. -  Holiday  2015"]
[Site "Guernsey, GCI"]
[Date "2015.10.22"]
[Round "5"]
[White "Van Hoek, Wim"]
[Black "Stuart, Brian"]
[Result "1/2-1/2"]
[WhiteElo "1869"]
[BlackElo "1758"]
[PlyCount "53"]
[EventDate "2015.10.18"]
[EventType "swiss"]
[EventRounds "7"]

1. e4 c5 2. Nf3 d6 3. c3 Nf6 4. Be2 Nc6 5. d4 cxd4 6. cxd4 e6 7. Nc3 Be7 8. O-O
O-O 9. h3 a6 10. Be3 Bd7 11. e5 Nd5 12. Nxd5 exd5 13. Rc1 Be6 14. exd6 Bxd6 15.
Bd3 h6 16. Bb1 f5 17. Re1 Qf6 18. Bd2 Rae8 19. Bc3 Bf4 20. Rc2 Bd7 21. Rce2
Rxe2 22. Rxe2 Re8 23. Rxe8+ Bxe8 24. Qb3 Qf7 25. Qc2 g6 26. Qe2 Qe7 27. Qxe7
1/2-1/2

[Event "41st Guernsey Intl. -  Holiday  2015"]
[Site "Guernsey, GCI"]
[Date "2015.10.22"]
[Round "5"]
[White "Baart, Edwin"]
[Black "Goris Schouwstra, Adry"]
[Result "1/2-1/2"]
[WhiteElo "1675"]
[BlackElo "1835"]
[PlyCount "50"]
[EventDate "2015.10.18"]
[EventType "swiss"]
[EventRounds "7"]

1. d4 d5 2. c4 e6 3. Nf3 Nf6 4. Bg5 Be7 5. e3 h6 6. Bh4 Nbd7 7. Nc3 c6 8. Qc2
O-O 9. Bd3 Re8 10. O-O Nf8 11. Rac1 Bd7 12. Ne5 Rc8 13. f4 dxc4 14. Bxc4 Nd5
15. Bxe7 Qxe7 16. Bxd5 exd5 17. Rce1 f5 18. Qf2 Qf6 19. Qg3 Re6 20. Nd1 Be8 21.
Nf2 Ng6 22. Nfd3 b6 23. Rc1 Qe7 24. Rc2 Nxe5 25. Nxe5 Qf6 1/2-1/2

[Event "41st Guernsey Intl. -  Holiday  2015"]
[Site "Guernsey, GCI"]
[Date "2015.10.22"]
[Round "5"]
[White "Wickham, Michael"]
[Black "Dennis, Nigel W"]
[Result "1/2-1/2"]
[WhiteElo "1728"]
[BlackElo "1809"]
[PlyCount "71"]
[EventDate "2015.10.18"]
[EventType "swiss"]
[EventRounds "7"]

1. e4 c5 2. Nf3 e6 3. d4 cxd4 4. Nxd4 Nf6 5. Nc3 d6 6. Be3 Be7 7. g3 Nc6 8. Bg2
O-O 9. O-O e5 10. Nb3 Be6 11. Nd5 Re8 12. c4 Bxd5 13. cxd5 Na5 14. Rc1 Nxb3 15.
Qxb3 b6 16. Qd3 Qd7 17. b4 Rec8 18. b5 Rxc1 19. Rxc1 Rc8 20. Rc6 Kf8 21. Qc4
Rxc6 22. bxc6 Qc7 23. a4 Nd7 24. Bh3 Nc5 25. Bxc5 bxc5 26. f4 exf4 27. gxf4 Bf6
28. Kf1 h6 29. Qb5 Bd8 30. Qb7 Qb6 31. Ke2 Qb4 32. Qxb4 cxb4 33. Kd3 a5 34. Kc4
Ke7 35. Bg4 g5 36. fxg5 1/2-1/2

[Event "41st Guernsey Intl. -  Holiday  2015"]
[Site "Guernsey, GCI"]
[Date "2015.10.22"]
[Round "5"]
[White "Bateman, Kerry"]
[Black "Colsen, Manuel"]
[Result "1-0"]
[WhiteElo "1824"]
[BlackElo "1644"]
[PlyCount "53"]
[EventDate "2015.10.18"]
[EventType "swiss"]
[EventRounds "7"]

1. e4 c6 2. d4 d5 3. Nd2 dxe4 4. Nxe4 Bf5 5. Ng3 Bg6 6. Nf3 e6 7. Bc4 Nd7 8.
O-O Ngf6 9. Re1 Be7 10. c3 O-O 11. Qb3 Nd5 12. Bxd5 cxd5 13. Qxb7 h6 14. Qa6
Qc7 15. Ne5 Nxe5 16. Rxe5 Bd6 17. Re3 Rab8 18. Qe2 a5 19. b3 Rfc8 20. Bd2 h5
21. Nxh5 Bxh2+ 22. Kh1 Bd6 23. Qg4 Qe7 24. Rh3 Kf8 25. Nf4 Qf6 26. Nxd5 Qxf2
27. Rh8# 1-0

[Event "41st Guernsey Intl. -  Holiday  2015"]
[Site "Guernsey, GCI"]
[Date "2015.10.22"]
[Round "5"]
[White "Collins, Alan"]
[Black "Savident, David"]
[Result "0-1"]
[WhiteElo "1753"]
[BlackElo "1704"]
[PlyCount "78"]
[EventDate "2015.10.18"]
[EventType "swiss"]
[EventRounds "7"]

1. d4 Nf6 2. Nf3 g6 3. Bf4 Bg7 4. e3 O-O 5. c4 d6 6. Nc3 b6 7. Be2 Bb7 8. Rc1
Nbd7 9. O-O Nh5 10. Bg3 Nxg3 11. hxg3 c5 12. d5 Ne5 13. Re1 Nxf3+ 14. Bxf3 Bc8
15. Qd2 Bd7 16. b3 a6 17. Ne2 b5 18. Nf4 b4 19. Qe2 a5 20. Nd3 a4 21. e4 axb3
22. axb3 Bc3 23. Red1 Ra3 24. Rb1 f6 25. Bg4 Qc8 26. Bxd7 Qxd7 27. f4 Rfa8 28.
Nc1 Kg7 29. Kh2 h5 30. Rf1 Qg4 31. Rf3 Rh8 32. Kg1 Bd4+ 33. Kf1 h4 34. Qd3 h3
35. gxh3 Qxh3+ 36. Ke1 Qg2 37. Rf1 Rh2 38. Ne2 Ra2 39. Nxd4 cxd4 0-1

[Event "41st Guernsey Intl. -  Holiday  2015"]
[Site "Guernsey, GCI"]
[Date "2015.10.22"]
[Round "5"]
[White "Ruigrok, Jacques"]
[Black "Lorthioir, Romuald"]
[Result "1/2-1/2"]
[WhiteElo "1707"]
[BlackElo "1491"]
[PlyCount "45"]
[EventDate "2015.10.18"]
[EventType "swiss"]
[EventRounds "7"]

1. e4 c6 2. Nc3 d5 3. Nf3 dxe4 4. Nxe4 Nf6 5. Bd3 Nxe4 6. Bxe4 Nd7 7. d4 Nf6 8.
Bd3 Bg4 9. h3 Bh5 10. c3 Bg6 11. O-O Bxd3 12. Qxd3 e6 13. Re1 Be7 14. Bf4 O-O
15. Qc2 Bd6 16. Bg5 Be7 17. Rad1 Nd5 18. Bxe7 Qxe7 19. a3 Nf6 20. Re2 Rfd8 21.
Rde1 Rac8 22. Qa4 a6 23. Qb3 1/2-1/2

[Event "41st Guernsey Intl. -  Holiday  2015"]
[Site "Guernsey, GCI"]
[Date "2015.10.22"]
[Round "5"]
[White "Foster, Paul"]
[Black "Nielsen, Jorgen Holmstrom"]
[Result "0-1"]
[WhiteElo "1653"]
[BlackElo "1889"]
[PlyCount "96"]
[EventDate "2015.10.18"]
[EventType "swiss"]
[EventRounds "7"]

1. e4 Nf6 2. Nc3 d5 3. exd5 Nxd5 4. Nxd5 Qxd5 5. Nf3 Bf5 6. d3 e5 7. Be2 Be7 8.
O-O c5 9. Bg5 f6 10. Be3 Nc6 11. c3 Rd8 12. Ne1 Be6 13. Bh5+ g6 14. Bf3 Qd7 15.
Qa4 O-O 16. Bh6 Rf7 17. Bxc6 bxc6 18. c4 Rb8 19. b3 g5 20. h4 Qd4 21. Nf3 Qxd3
22. Qxa7 Re8 23. hxg5 Bf8 24. Qa6 Bxh6 25. gxh6 Qg6 26. Qxc6 Rff8 27. Rfd1 e4
28. Nh2 Qxh6 29. Qxe4 Qg7 30. Qf4 f5 31. Rab1 Rf6 32. Rd3 Bf7 33. Rbd1 Bh5 34.
Nf3 Re4 35. Rd8+ Be8 36. Qb8 Rfe6 37. Qc8 Qg4 38. Qxc5 Rg6 39. Qd5+ Kg7 40. Nh4
Qxh4 41. Qxf5 Rf6 42. R1d7+ Bxd7 43. Rxd7+ Kg8 44. Qd5+ Rfe6 45. Qa8+ Re8 46.
Qd5+ R4e6 47. g3 Qf6 48. Qh5 Re1+ 0-1

[Event "41st Guernsey Intl. -  Holiday  2015"]
[Site "Guernsey, GCI"]
[Date "2015.10.22"]
[Round "5"]
[White "Gstalter, Herbert"]
[Black "Norman, Dinah M"]
[Result "1/2-1/2"]
[WhiteElo "1640"]
[BlackElo "1839"]
[PlyCount "37"]
[EventDate "2015.10.18"]
[EventType "swiss"]
[EventRounds "7"]

1. d4 d5 2. c4 c6 3. cxd5 cxd5 4. Nc3 Nf6 5. Bf4 Nc6 6. e3 a6 7. Qb3 e6 8. Bd3
Be7 9. Nf3 O-O 10. Rc1 Na5 11. Qd1 Bd7 12. O-O Rc8 13. Ne5 Nc4 14. Qe2 Nd6 15.
Nxd7 Qxd7 16. Bxd6 Bxd6 17. Rc2 Rfd8 18. Rfc1 Be7 19. a3 1/2-1/2

[Event "41st Guernsey Intl. -  Holiday  2015"]
[Site "Guernsey, GCI"]
[Date "2015.10.22"]
[Round "5"]
[White "Joyeux, Gerard"]
[Black "Vonhoff, Joerg"]
[Result "1/2-1/2"]
[WhiteElo "1594"]
[BlackElo "1728"]
[PlyCount "75"]
[EventDate "2015.10.18"]
[EventType "swiss"]
[EventRounds "7"]

1. d4 Nf6 2. Nc3 g6 3. e4 d6 4. Bc4 Bg7 5. Nf3 O-O 6. Bg5 h6 7. Bf4 c6 8. Qd2
Kh7 9. e5 Ne8 10. O-O Bg4 11. Qe3 d5 12. Bd3 Nc7 13. h3 Bxf3 14. Qxf3 Ne6 15.
Be3 Nd7 16. h4 h5 17. Qxh5+ Kg8 18. Bxg6 fxg6 19. Qxg6 Nc7 20. Bh6 Rf7 21. e6
Nxe6 22. Qxe6 Bxd4 23. Qg4+ Bg7 24. Bxg7 Rxg7 25. Qe6+ Kh8 26. Ne2 Nf8 27. Qe3
e6 28. h5 Qf6 29. c3 Rg5 30. Ng3 e5 31. f4 exf4 32. Rxf4 Qg7 33. Rf3 Nh7 34.
Raf1 Rg8 35. h6 Qxh6 36. Qd4+ Qg7 37. Qxg7+ R8xg7 38. Kf2 1/2-1/2

[Event "41st Guernsey Intl. -  Holiday  2015"]
[Site "Guernsey, GCI"]
[Date "2015.10.22"]
[Round "5"]
[White "Kearsley, Raymond J"]
[Black "Namazbayeva, Sholpan"]
[Result "1-0"]
[WhiteElo "1718"]
[BlackElo "1449"]
[PlyCount "67"]
[EventDate "2015.10.18"]
[EventType "swiss"]
[EventRounds "7"]

1. e4 c6 2. d4 d5 3. Nc3 e6 4. Nf3 Bb4 5. e5 h6 6. Bd3 Nd7 7. O-O Ne7 8. Ne2
Ba5 9. c3 Bc7 10. Qc2 a6 11. Nd2 c5 12. b3 b5 13. Nf4 c4 14. Be2 Rb8 15. Nh5
O-O 16. f4 Nf5 17. Nf3 a5 18. g4 Nh4 19. Nxh4 Qxh4 20. Be3 Qe7 21. f5 exf5 22.
gxf5 Rb6 23. Qd2 g5 24. f6 Qe6 25. Bxg5 Nxe5 26. dxe5 Bxe5 27. Bf4 Bxc3 28. Qc2
Bd4+ 29. Kh1 Bxa1 30. Rxa1 Qe4+ 31. Qxe4 dxe4 32. Bxh6 Rd8 33. bxc4 Rd2 34.
Bxd2 1-0

[Event "41st Guernsey Intl. -  Holiday  2015"]
[Site "Guernsey, GCI"]
[Date "2015.10.22"]
[Round "5"]
[White "Goman, Colin"]
[Black "Van Beek, Ronald"]
[Result "1-0"]
[WhiteElo "1804"]
[BlackElo "1297"]
[PlyCount "45"]
[EventDate "2015.10.18"]
[EventType "swiss"]
[EventRounds "7"]

1. d4 d5 2. Nf3 Nf6 3. e3 Bf5 4. Bd3 Bxd3 5. Qxd3 e6 6. Qb5+ c6 7. Qxb7 Nbd7 8.
Qxc6 Bb4+ 9. c3 Ba5 10. O-O O-O 11. Qb5 Bb6 12. Qe2 Rc8 13. Nbd2 Rc7 14. e4
dxe4 15. Nxe4 h6 16. Bf4 Rc8 17. Nxf6+ Nxf6 18. Rac1 Nd5 19. Bg3 Re8 20. c4 Nf6
21. c5 Bc7 22. Bxc7 Rxc7 23. b4 1-0

[Event "41st Guernsey Intl. -  Holiday  2015"]
[Site "Guernsey, GCI"]
[Date "2015.10.22"]
[Round "5"]
[White "Abbas, Ahmed C"]
[Black "O'Connell, Denis"]
[Result "1/2-1/2"]
[WhiteElo "1486"]
[BlackElo "1811"]
[PlyCount "98"]
[EventDate "2015.10.18"]
[EventType "swiss"]
[EventRounds "7"]

1. e4 d5 2. exd5 Nf6 3. d4 Bg4 4. Bb5+ Nbd7 5. f3 Bf5 6. Nc3 a6 7. Ba4 b5 8.
Bb3 Nb6 9. Nge2 Nbxd5 10. Nxd5 Nxd5 11. O-O e6 12. Ng3 Bg6 13. Re1 Be7 14. c3
O-O 15. Bc2 Bxc2 16. Qxc2 Bh4 17. Re4 Bxg3 18. hxg3 Nf6 19. Rh4 Qd5 20. Be3 Qf5
21. Qe2 Nd5 22. g4 Qg6 23. Rd1 Nxe3 24. Qxe3 Rad8 25. Rh5 Rd5 26. Rxd5 exd5 27.
Rc1 Qc6 28. Re1 h6 29. Qe5 a5 30. f4 b4 31. Re3 Qc4 32. g5 hxg5 33. Rh3 Qc6 34.
fxg5 bxc3 35. Rxc3 Qd6 36. Rxc7 Qxe5 37. dxe5 Rb8 38. b3 Rb5 39. Kf2 d4 40. Rd7
Rxe5 41. g6 fxg6 42. Rxd4 Kf7 43. Rd7+ Kf6 44. Rd4 g5 45. g4 g6 46. Rd6+ Kf7
47. Kf3 Kg7 48. Rd4 Kf7 49. Re4 Rc5 1/2-1/2

[Event "41st Guernsey Intl. -  Holiday  2015"]
[Site "Guernsey, GCI"]
[Date "2015.10.22"]
[Round "5"]
[White "Reutimann, Hans Peter"]
[Black "Lorthioir, Gwenegan"]
[Result "1/2-1/2"]
[WhiteElo "1780"]
[BlackElo "1292"]
[PlyCount "70"]
[EventDate "2015.10.18"]
[EventType "swiss"]
[EventRounds "7"]

1. d4 d5 2. Nf3 c6 3. Bf4 Nf6 4. e3 Bf5 5. Nbd2 Nbd7 6. c3 e6 7. Be2 Nh5 8. Bg3
Nxg3 9. hxg3 h6 10. Nb3 Be7 11. Nh2 O-O 12. Bd3 Bxd3 13. Qxd3 Nf6 14. Nd2 Rc8
15. O-O-O c5 16. Kb1 Qb6 17. dxc5 Bxc5 18. Nb3 Be7 19. f3 Rfd8 20. g4 a5 21. g5
hxg5 22. Ng4 g6 23. Ne5 Kg7 24. Nd4 Bc5 25. Rh3 a4 26. Rg3 Nh7 27. f4 Be7 28.
fxg5 Nxg5 29. Rf1 f5 30. Ndf3 a3 31. b3 Ne4 32. Rxg6+ Kf8 33. Rh1 Bf6 34. Rxf6+
Nxf6 35. Nd4 Ne4 1/2-1/2

[Event "41st Guernsey Intl. -  Holiday  2015"]
[Site "Guernsey, GCI"]
[Date "2015.10.22"]
[Round "5"]
[White "Wale, Ray"]
[Black "Wood, Stuart E"]
[Result "1/2-1/2"]
[WhiteElo "1660"]
[BlackElo "1543"]
[PlyCount "59"]
[EventDate "2015.10.18"]
[EventType "swiss"]
[EventRounds "7"]

1. e4 e6 2. d4 c5 3. Nf3 h6 4. Be2 b6 5. d5 d6 6. O-O e5 7. h3 Nf6 8. Nc3 Ba6
9. Nh2 Be7 10. f4 Bxe2 11. Qxe2 Nbd7 12. fxe5 Nxe5 13. Nf3 Nfd7 14. Bf4 Ng6 15.
Bh2 O-O 16. Rad1 Nde5 17. Nxe5 Nxe5 18. Bxe5 dxe5 19. Qh5 Qd6 20. Nb5 Qd7 21.
d6 Bg5 22. Nc7 Rad8 23. Nd5 g6 24. Qf3 f5 25. exf5 gxf5 26. Qd3 e4 27. Qc4 Kh7
28. Nf4 Bxf4 29. Rxf4 Rf6 30. Rf2 1/2-1/2

[Event "41st Guernsey Intl. -  Holiday  2015"]
[Site "Guernsey, GCI"]
[Date "2015.10.22"]
[Round "5"]
[White "Day, Fred G"]
[Black "Beadle, John R"]
[Result "1/2-1/2"]
[WhiteElo "1510"]
[BlackElo "1643"]
[PlyCount "76"]
[EventDate "2015.10.18"]
[EventType "swiss"]
[EventRounds "7"]

1. c4 Nf6 2. g3 g6 3. Bg2 Bg7 4. Nc3 O-O 5. d3 c6 6. e4 d6 7. Nge2 e5 8. O-O
Be6 9. Qb3 Qc8 10. f3 Nbd7 11. g4 Nc5 12. Qc2 a5 13. Be3 Rd8 14. b3 Na6 15. a3
d5 16. Na4 Nd7 17. Bb6 Re8 18. Bxa5 Nac5 19. Bb4 Nxa4 20. bxa4 dxc4 21. dxc4
Nb6 22. c5 Nxa4 23. Rad1 Bf8 24. Nc1 Rd8 25. Rxd8 Qxd8 26. Rd1 Qg5 27. Rd3 b6
28. Bd2 Qe7 29. cxb6 Nxb6 30. Be3 Nc4 31. Bf2 Rxa3 32. Rxa3 Qxa3 33. Nd3 Qa1+
34. Bf1 Bh6 35. Kg2 Be3 36. Nxe5 Qxe5 37. Bxc4 Bxf2 38. Bxe6 Qxe6 1/2-1/2

[Event "41st Guernsey Intl. -  Holiday  2015"]
[Site "Guernsey, GCI"]
[Date "2015.10.22"]
[Round "5"]
[White "Harnden, Terry"]
[Black "Bakkes, Frits"]
[Result "0-1"]
[WhiteElo "1480"]
[BlackElo "1632"]
[PlyCount "66"]
[EventDate "2015.10.18"]
[EventType "swiss"]
[EventRounds "7"]

1. e4 e5 2. Nf3 Nc6 3. Bb5 a6 4. Ba4 Nf6 5. d3 b5 6. Bb3 Be7 7. O-O d6 8. h3
Na5 9. c3 Nxb3 10. Qxb3 Be6 11. Qd1 h6 12. Be3 c5 13. Nbd2 Qc7 14. c4 O-O 15.
b3 Nh7 16. Nh2 f5 17. f4 exf4 18. Bxf4 Bf6 19. Rb1 Bd4+ 20. Kh1 g5 21. Bg3 b4
22. exf5 Bxf5 23. Ne4 Bxe4 24. Rxf8+ Rxf8 25. dxe4 Nf6 26. Qd3 Re8 27. Re1 Re6
28. Ng4 Nxg4 29. hxg4 Qf7 30. Rf1 Qg6 31. Rf5 h5 32. gxh5 Qxh5+ 33. Bh2 Rh6 0-1

[Event "41st Guernsey Intl. -  Holiday  2015"]
[Site "Guernsey, GCI"]
[Date "2015.10.22"]
[Round "5"]
[White "Gibzinski, Stanislaw"]
[Black "Rowe, Oliver"]
[Result "1-0"]
[WhiteElo "1281"]
[BlackElo "1561"]
[PlyCount "77"]
[EventDate "2015.10.18"]
[EventType "swiss"]
[EventRounds "7"]

1. c4 b6 2. Nc3 Nf6 3. e4 e5 4. g3 Bb7 5. Bg2 Be7 6. Nge2 O-O 7. d4 exd4 8.
Nxd4 Bb4 9. Qd3 Bxc3+ 10. bxc3 Re8 11. f3 Na6 12. O-O Nc5 13. Qd2 d6 14. Nf5
Ba6 15. Qg5 g6 16. Nh6+ Kf8 17. Be3 Re5 18. Nf5 gxf5 19. Qh6+ Ke8 20. Bg5 Re6
21. Qg7 Qe7 22. exf5 Re2 23. Qh8+ Kd7 24. Qxa8 Bb7 25. Qh8 Rxg2+ 26. Kxg2 Bxf3+
27. Rxf3 Qe2+ 28. Rf2 Qe4+ 29. Kf1 Qh1+ 30. Ke2 Qxa1 31. Qxf6 Qb2+ 32. Kf3
Qxf2+ 33. Kxf2 Ne4+ 34. Ke3 Nxf6 35. Bxf6 Kc6 36. Kd4 a6 37. h4 h5 38. Bg5 b5
39. Bf4 1-0

[Event "41st Guernsey Intl. -  Holiday  2015"]
[Site "Guernsey, GCI"]
[Date "2015.10.22"]
[Round "5"]
[White "Jones, Sid"]
[Black "Akeya Price, Robert"]
[Result "1/2-1/2"]
[WhiteElo "1435"]
[BlackElo "1517"]
[PlyCount "74"]
[EventDate "2015.10.18"]
[EventType "swiss"]
[EventRounds "7"]

1. d4 Nf6 2. c4 e6 3. Nc3 Bb4 4. Nf3 O-O 5. Qc2 c5 6. e3 cxd4 7. Nxd4 b6 8. Be2
Bb7 9. O-O Na6 10. Bf3 Bxf3 11. Nxf3 Rc8 12. Nb5 d5 13. b3 dxc4 14. bxc4 Qe7
15. Rd1 Nb8 16. Bb2 Nc6 17. Ne5 a6 18. Nxc6 Rxc6 19. Nd4 Rc7 20. Qa4 Ba5 21.
Ba3 Qe8 22. Qb3 Ne4 23. Bxf8 Qxf8 24. Nf3 g6 25. Rac1 h5 26. Qd3 Nc5 27. Qd8
Qxd8 28. Rxd8+ Kg7 29. Rcd1 Na4 30. R8d7 Rc8 31. Ng5 Rf8 32. Nxe6+ Kg8 33. Nxf8
Kxf8 34. Rb7 Nc5 35. Rb8+ Kg7 36. g3 Kf6 37. h4 Ne6 {Remaining moves
unreadable, but 1/2-1/2, 66.} 1/2-1/2

[Event "41st Guernsey Intl. -  Holiday  2015"]
[Site "Guernsey, GCI"]
[Date "2015.10.22"]
[Round "5"]
[White "Brown, Jim"]
[Black "Gunn, Michael J"]
[Result "0-1"]
[WhiteElo "1195"]
[BlackElo "1665"]
[PlyCount "56"]
[EventDate "2015.10.18"]
[EventType "swiss"]
[EventRounds "7"]

1. Nf3 e6 2. d4 g6 3. e3 Bg7 4. b3 Ne7 5. Bb2 c5 6. Nbd2 b6 7. Rb1 Bb7 8. Be2
O-O 9. O-O d5 10. a4 Nd7 11. h3 cxd4 12. exd4 Rc8 13. Rc1 Nf6 14. Re1 Nf5 15.
Rf1 Nd6 16. Ba3 a6 17. Re1 Re8 18. Nh2 Nde4 19. Nxe4 Nxe4 20. c4 dxc4 21. bxc4
Bxd4 22. Ng4 h5 23. Ne3 Qf6 24. Rf1 Red8 25. Qc2 Qg5 26. g3 Bxe3 27. h4 Bxf2+
28. Kh2 Qxg3+ 0-1

[Event "41st Guernsey Intl. -  Holiday  2015"]
[Site "Guernsey, GCI"]
[Date "2015.10.22"]
[Round "5"]
[White "Jones, Tim"]
[Black "Newrick, William R"]
[Result "1-0"]
[WhiteElo "1518"]
[BlackElo "1366"]
[PlyCount "45"]
[EventDate "2015.10.18"]
[EventType "swiss"]
[EventRounds "7"]

1. e4 c5 2. Nc3 e6 3. g3 Nc6 4. Bg2 Nf6 5. d3 Be7 6. Nf3 O-O 7. O-O d5 8. exd5
Nxd5 9. Re1 Nxc3 10. bxc3 Bf6 11. Bd2 Qd7 12. a3 Rb8 13. Rb1 b6 14. h3 Bb7 15.
Nh2 Ne5 16. Bf4 Bxg2 17. Kxg2 Qc6+ 18. Kg1 Nxd3 19. Qxd3 Rbd8 20. Qe3 Rfe8 21.
Ng4 e5 22. Nxf6+ Qxf6 23. Bg5 1-0

[Event "41st Guernsey Intl. -  Holiday  2015"]
[Site "Guernsey, GCI"]
[Date "2015.10.23"]
[Round "6"]
[White "Newell, David F"]
[Black "Hoogakker, Peter"]
[Result "1/2-1/2"]
[WhiteElo "1867"]
[BlackElo "1755"]
[PlyCount "30"]
[EventDate "2015.10.18"]
[EventType "swiss"]
[EventRounds "7"]

1. c4 e5 2. Nc3 Nf6 3. g3 c6 4. Bg2 Bc5 5. e3 O-O 6. Nge2 Re8 7. d4 exd4 8.
exd4 Bb4 9. O-O d5 10. cxd5 Nxd5 11. Nxd5 cxd5 12. Nf4 Be6 13. Qb3 Nc6 14. Be3
Bf8 15. Nxe6 fxe6 1/2-1/2

[Event "41st Guernsey Intl. -  Holiday  2015"]
[Site "Guernsey, GCI"]
[Date "2015.10.23"]
[Round "6"]
[White "Hermes, Geoff R"]
[Black "Baart, Edwin"]
[Result "1/2-1/2"]
[WhiteElo "1884"]
[BlackElo "1675"]
[PlyCount "29"]
[EventDate "2015.10.18"]
[EventType "swiss"]
[EventRounds "7"]

1. e4 e5 2. Nf3 Nc6 3. c3 Nf6 4. d4 exd4 5. e5 Ne4 6. cxd4 d5 7. Nbd2 Be7 8.
Bd3 f5 9. exf6 Nxf6 10. O-O O-O 11. h3 Qe8 12. Nb3 Qh5 13. Nh2 Qh4 14. Nf3 Qh5
15. Nh2 1/2-1/2

[Event "41st Guernsey Intl. -  Holiday  2015"]
[Site "Guernsey, GCI"]
[Date "2015.10.23"]
[Round "6"]
[White "Savident, David"]
[Black "Van Hoek, Wim"]
[Result "0-1"]
[WhiteElo "1704"]
[BlackElo "1869"]
[PlyCount "136"]
[EventDate "2015.10.18"]
[EventType "swiss"]
[EventRounds "7"]

1. c4 f5 2. Nc3 Nf6 3. g3 e6 4. Bg2 d5 5. cxd5 exd5 6. d4 c6 7. Nf3 Bd6 8. O-O
O-O 9. e3 Qe7 10. a3 b5 11. Bd2 a5 12. Qc2 Bd7 13. Rfc1 Ne4 14. Be1 Rc8 15. Qb3
a4 16. Qd1 Na6 17. Na2 Kh8 18. Rc2 Rab8 19. Bf1 c5 20. Nc1 c4 21. Na2 Be8 22.
Nh4 g6 23. Nc3 Nf6 24. Bg2 Bc6 25. Ne2 b4 26. axb4 Bxb4 27. Nf4 Kg7 28. Bc3
Bxc3 29. bxc3 Rb3 30. Nf3 Nc7 31. Ne5 Be8 32. h4 Rcb8 33. Bf3 a3 34. Kg2 Qd6
35. g4 fxg4 36. Nxg4 Nxg4 37. Bxg4 Bf7 38. Ne2 Rb2 39. Rxb2 Rxb2 40. Qa4 Rb3
41. Qd7 Qxd7 42. Bxd7 Be8 43. Bxe8 Nxe8 44. Kf3 Nf6 45. Kf4 Rb2 46. Kf3 Rb3 47.
Kf4 Rb2 48. f3 Rxe2 49. Rxa3 Kf7 50. Ra7+ Ke6 51. Ra6+ Ke7 52. Ra7+ Nd7 53. e4
Rc2 54. Ra3 h6 55. exd5 Rh2 56. Ra4 Rxh4+ 57. Kg3 Rh5 58. Rxc4 Rxd5 59. Rc6 Rd6
60. Rc8 Kf6 61. Kf4 g5+ 62. Kg4 Nb6 63. Rc5 Nd5 64. Kh5 Kg7 65. Kg4 Nf4 66. Kf5
Rd5+ 67. Ke4 Rxc5 68. dxc5 Kf6 0-1

[Event "41st Guernsey Intl. -  Holiday  2015"]
[Site "Guernsey, GCI"]
[Date "2015.10.23"]
[Round "6"]
[White "Goris Schouwstra, Adry"]
[Black "Wickham, Michael"]
[Result "0-1"]
[WhiteElo "1835"]
[BlackElo "1728"]
[PlyCount "112"]
[EventDate "2015.10.18"]
[EventType "swiss"]
[EventRounds "7"]

1. d4 Nf6 2. c4 g6 3. Nc3 d5 4. e3 Bg7 5. Nf3 O-O 6. Bd3 c5 7. O-O cxd4 8. Nxd5
Nxd5 9. cxd5 dxe3 10. fxe3 Qxd5 11. Qc2 Qc6 12. Qe2 Bg4 13. h3 Bxf3 14. Rxf3
Nd7 15. Rf1 Ne5 16. Bb5 Qb6 17. Rb1 Rac8 18. Kh1 a6 19. Ba4 e6 20. Bb3 Qb5 21.
Qxb5 axb5 22. Rd1 Rfd8 23. Rxd8+ Rxd8 24. Bc2 Nd3 25. Bb3 Bh6 26. a3 Kg7 27. h4
Kf8 28. Kh2 Nxc1 29. Rxc1 Bxe3 30. Rf1 Ke7 31. Rf3 Bd4 32. Bc2 Bxb2 33. Rb3
Be5+ 34. Kh3 Rc8 35. Bd3 Rc3 36. Rxc3 Bxc3 37. Bxb5 b6 38. g3 h6 39. Kg2 g5 40.
h5 f5 41. Bd3 Kf6 42. Bb5 g4 43. Bd7 e5 44. Kf1 Kg5 45. Kg2 Bd4 46. Be8 f4 47.
Bg6 Bc5 48. a4 Bd6 49. Kf2 Bc5+ 50. Kg2 f3+ 51. Kf1 e4 52. Bxe4 Kxh5 53. Bc6
Kg5 54. Bd5 h5 55. Bc6 h4 56. gxh4+ Kf4 0-1

[Event "41st Guernsey Intl. -  Holiday  2015"]
[Site "Guernsey, GCI"]
[Date "2015.10.23"]
[Round "6"]
[White "Stuart, Brian"]
[Black "Bateman, Kerry"]
[Result "1-0"]
[WhiteElo "1758"]
[BlackElo "1824"]
[PlyCount "67"]
[EventDate "2015.10.18"]
[EventType "swiss"]
[EventRounds "7"]

1. e4 c5 2. Nf3 d6 3. c3 Nf6 4. Be2 Nc6 5. d4 cxd4 6. cxd4 Qa5+ 7. Bd2 Qb6 8.
Nc3 Nxd4 9. Qa4+ Nc6 10. Nd5 Qd8 11. Bb5 Bd7 12. Rc1 e6 13. Nxf6+ gxf6 14. Bxc6
bxc6 15. O-O c5 16. Qc2 Qb6 17. Qc3 e5 18. b3 Rg8 19. Kh1 Qb7 20. Ng1 Qxe4 21.
f3 Qg6 22. Rf2 h5 23. Re1 Bc6 24. Nh3 Kd7 25. b4 cxb4 26. Qe3 Bh6 27. Qxh6 a5
28. Qe3 Rac8 29. Nf4 Qf5 30. Nd3 Bb5 31. Nc1 Qg6 32. Nb3 Rc2 33. Qa7+ Ke6 34.
Nd4+ 1-0